| 000 | 00866nam a22002535a 4500 | ||
|---|---|---|---|
| 003 | OSt | ||
| 005 | 20170220144232.0 | ||
| 008 | 161120s2011 ua frb 000 0 ara d | ||
| 015 | _a2010 / 11163 | ||
| 020 | _a9789770464485 | ||
| 040 |
_aEG-ScBUE _bara _cEG-ScBUE |
||
| 043 | _af-ua--- | ||
| 082 | 0 | 4 |
_a347.62077 _bم ك ي _222 |
| 100 | 1 | _aمكي، محمد عبد الحميد. | |
| 245 | 1 | 0 |
_aتنفيذ الأحكام الجنائية / _cمحمد عبد الحميد مكي. |
| 260 |
_aالقاهرة : _bدار النهضة العربية، _c2011. |
||
| 300 |
_a300 ص. ؛ _c24 سم. |
||
| 504 | _aببليوجرافيا : ص. 269-286. | ||
| 650 | 7 |
_aتنفيذ الأحكام _zمصر. _2BUEsh _941070 |
|
| 650 | 7 |
_aالقانون الجنائي _zمصر. _2BUEsh _941146 |
|
| 651 | _2BUEsh | ||
| 653 |
_bLLAAWW _cNovember2016 _cDecember2016 |
||
| 942 | _2ddc | ||
| 999 |
_c23200 _d23172 |
||